Asset Class (Record no. 119390)

MARC details
000 -LEADER
fixed length control field 00816cas a22002415a 4500
001 - CONTROL NUMBER
control field L157917
008 - FIXED-LENGTH DATA ELEMENTS--GENERAL INFORMATION
fixed length control field 110719c2008 xxkgr eng u
035 ## - SYSTEM CONTROL NUMBER
System control number (Sirsi) u157917
041 0# - LANGUAGE CODE
Language code of text/sound track or separate title eng
110 2# - MAIN ENTRY--CORPORATE NAME
Corporate name or jurisdiction name as entry element Lambert Smith Hampton
9 (RLIN) 2865
245 00 - TITLE STATEMENT
Title Asset Class
Medium [electronic resource]
260 ## - PUBLICATION, DISTRIBUTION, ETC.
Place of publication, distribution, etc. [S.l.]
Name of publisher, distributor, etc. Lambert Smith Hampton
-- 2012
362 0# - DATES OF PUBLICATION AND/OR SEQUENTIAL DESIGNATION
-- 2012
490 #0 - SERIES STATEMENT
Series statement Lambert Smith Hampton Asset Class
520 ## - SUMMARY, ETC.
Summary, etc. Provides asset management insight into the UK property market,
554 ## -
-- 2 issues per year
650 24 - SUBJECT ADDED ENTRY--TOPICAL TERM
Topical term or geographic name entry element LAMBERT SMITH HAMPTON ASSET CLASS
651 #4 - SUBJECT ADDED ENTRY--GEOGRAPHIC NAME
Geographic name United Kingdom
Chronological subdivision
690 ## - LOCAL SUBJECT ADDED ENTRY--TOPICAL TERM (OCLC, RLIN)
Topical term or geographic name as entry element Commercial property
9 (RLIN) 6227
690 ## - LOCAL SUBJECT ADDED ENTRY--TOPICAL TERM (OCLC, RLIN)
Topical term or geographic name as entry element Investments
9 (RLIN) 6250
856 40 - ELECTRONIC LOCATION AND ACCESS
Uniform Resource Identifier <a href="https://www.lsh.co.uk">https://www.lsh.co.uk</a>
Public note View the report free of charge (type title in the database searchbox) at www.lsh.co.uk
942 ## - ADDED ENTRY ELEMENTS (KOHA)
Suppress in OPAC 0
Holdings
Withdrawn status Lost status Source of classification or shelving scheme Damaged status Not for loan Home library Current library Shelving location Date acquired Total Checkouts Full call number Barcode Date last seen Copy number Price effective from Koha item type
    Dewey Decimal Classification     Virtual Virtual Online 19/07/2013   ONLINE PUBLICATION 157917-2001 06/08/2019 1 06/08/2019 Journal article